000 00771nam a22002652a 4500
001 12525
003 BD-RJUL
005 20211208235317.0
008 140129s19571948xx a 001 0 eng d
035 _a(BD-RJUL)12574
040 _aNLM
_cNLM
_dEQO
_beng
041 _aeng
060 0 _aQT 104
_bL656p 1948
082 _a612
_bLEP 1957
100 1 _aLe Vay, David.
_938992
245 1 0 _aPhysiology /
_cDavid Le Vay
260 _aLondon :
_bEnglish Univ. Press,
_cc1948 [Impression 1957]
300 _a209 p. :
_bill. ;
_c16 cm.
490 1 _aE.U.P. teach yourself books
500 _aAmerican ed. has title: Teach yourself physiology
504 _aincludes index
650 0 _aPhysiology
_938993
830 0 _aE.U.P. teach yourself books
_9136678
942 _2ddc
_cBK
999 _c12525
_d12525